| 000 | 00834nam a22002777a 4500 | ||
|---|---|---|---|
| 001 | BR9101470 | ||
| 003 | BR-BrBNA | ||
| 005 | 20230928093544.0 | ||
| 007 | ta | ||
| 008 | 230509b bl.||||| |||| 00| 0 por d | ||
| 040 |
_aBR-BrBNA _bpor _cBiblioteca Nacional de Agricultura |
||
| 041 | _a(Por) | ||
| 072 | _aC30 | ||
| 090 | _ C30 BR9101470 | ||
| 100 | 1 | _aRodrigues, M. do S.S. | |
| 100 | 1 | _aSousa, M.R.M. de | |
| 110 | 1 | _aEmpresa de Assistencia Tecnica e Extensao Rural do Ceara, Fortaleza (Brasil) | |
| 245 | 1 |
_aRelatorio da area de documentacao - 1986 - Empresa de Assistencia Tecnica e Extensao Rural do Ceara _bn. 5 |
|
| 260 | 3 |
_aFortaleza, CE (Brasil): _c1987. |
|
| 300 | _a15 p. | ||
| 650 | _aDOCUMENTACAO | ||
| 650 | _aEMPRESA AGRICOLA | ||
| 650 | _aCEARA | ||
| 909 |
_a202309 _bLucia _c55 _dLucia Elande |
||
| 942 | _cBK | ||
| 999 |
_c45675 _d45675 |
||